Acción de gobierno de la Generalitat de Catalunya : Julio-Diciembre 1982 Julio-Diciembre 1982
Descripción Física:
416 p. ; 21 cm
Materias:
Catalunya -- Política i govern
MARC
| LEADER | 00000nam a2200000Ia 4500 | ||
|---|---|---|---|
| 001 | 1273 | ||
| 008 | 160829s1984 xx 000 0 cat d | ||
| 080 | |a M-2-171 | ||
| 110 | 1 | |a Catalunya. |b Generalitat |9 12125 | |
| 245 | |a Acción de gobierno de la Generalitat de Catalunya : |b Julio-Diciembre 1982 | ||
| 260 | |a Barcelona : |b Servicio Central de Publicaciones del Departamento de Presidencia, |c 1984 | ||
| 300 | |a 416 p. ; |c 21 cm | ||
| 490 | |a Colección Departamento de la Presidencia ; 13 | ||
| 651 | 0 | |a Catalunya |x Política i govern |9 53682 | |
| 901 | |a Arxiu | ||
| 942 | |n 1 | ||
| 952 | |0 0 |1 0 |4 0 |6 M2171 |7 1 |9 42600 |a Arxiu |b Arxiu |d 2016-12-01 |l 0 |o M-2-171 |p 1273 |r 2016-12-01 00:00:00 |w 2016-12-01 |y ARXIU | ||
| 999 | |c 45105 |d 45105 | ||